Research into spontaneous activity of myocardial cells under normal and pathological conditions using the hardware and software complex based on nanosensors; IOP Conference Series: Materials Science and Engineering; Vol. 457 : Modern Technologies for Non-Destructive Testing

Bibliographic Details
Parent link:IOP Conference Series: Materials Science and Engineering
Vol. 457 : Modern Technologies for Non-Destructive Testing.— 2019.— [012013, 4 p.]
Corporate Author: Национальный исследовательский Томский политехнический университет Инженерная школа неразрушающего контроля и безопасности Научно-производственная лаборатория "Медицинская инженерия"
Other Authors: Yuzhakov M. M. Mikhail Mikhaylovich, Ivanov M. L. Maxim Leonidovich, Turushev N. V. Nikita Vladimirovich, Maksimov I. V., Mazikov S. V., Kodermyatov R. E., Wenjia G., Zimin I. A.
Summary:Title screen
Cardiovascular diseases are the leading cause of death in the world. The paper focuses on the capability of a nanosensor-based hardware and software complex (HSC) developed at Tomsk Polytechnic University to measure the activity of myocardial cells from the surface of the human body. A comparative study of nanosensors used in the HSC and conventional AgCl electrodes by FIAB Spa (Florence, Italy) was carried out. It is shown that the value of electromagnetic interference in conventional electrodes is several times higher compared to nanosensors. ECG was recorded using the developed HSC in order to show the possibility to control the activity of myocardial cells.
Language:English
Published: 2019
Subjects:
Online Access:http://dx.doi.org/10.1088/1757-899X/457/1/012013
http://earchive.tpu.ru/handle/11683/53000
Format: MixedMaterials Electronic Book Chapter
KOHA link:https://koha.lib.tpu.ru/cgi-bin/koha/opac-detail.pl?biblionumber=659651

MARC

LEADER 00000nla2a2200000 4500
001 659651
005 20231101135103.0
035 |a (RuTPU)RU\TPU\network\28320 
035 |a RU\TPU\network\28316 
090 |a 659651 
100 |a 20190313d2019 k y0engy50 ba 
101 0 |a eng 
102 |a GB 
105 |a y z 100zy 
135 |a vrcn ---uucaa 
181 0 |a i  
182 0 |a b 
200 1 |a Research into spontaneous activity of myocardial cells under normal and pathological conditions using the hardware and software complex based on nanosensors  |f M. M. Yuzhakov [et al.] 
203 |a Text  |c electronic 
300 |a Title screen 
320 |a [References: 13 tit.] 
330 |a Cardiovascular diseases are the leading cause of death in the world. The paper focuses on the capability of a nanosensor-based hardware and software complex (HSC) developed at Tomsk Polytechnic University to measure the activity of myocardial cells from the surface of the human body. A comparative study of nanosensors used in the HSC and conventional AgCl electrodes by FIAB Spa (Florence, Italy) was carried out. It is shown that the value of electromagnetic interference in conventional electrodes is several times higher compared to nanosensors. ECG was recorded using the developed HSC in order to show the possibility to control the activity of myocardial cells. 
461 1 |0 (RuTPU)RU\TPU\network\2008  |t IOP Conference Series: Materials Science and Engineering 
463 1 |0 (RuTPU)RU\TPU\network\28312  |t Vol. 457 : Modern Technologies for Non-Destructive Testing  |o VII International Conference, 8–13 October 2018, Tomsk, Russian Federation  |o [proceedings]  |v [012013, 4 p.]  |d 2019 
610 1 |a электронный ресурс 
610 1 |a труды учёных ТПУ 
610 1 |a активность 
610 1 |a миокард 
610 1 |a программно-аппаратные комплексы 
610 1 |a наносенсоры 
610 1 |a сердечно-сосудистые заболевания 
610 1 |a помехи 
701 1 |a Yuzhakov  |b M. M.  |c specialist in the field of non-destructive testing  |c Associate Scientist of Tomsk Polytechnic University  |f 1981-  |g Mikhail Mikhaylovich  |2 stltpush  |3 (RuTPU)RU\TPU\pers\36905 
701 1 |a Ivanov  |b M. L.  |c specialist in the field of nondestructive testing  |c engineer at Tomsk Polytechnic University  |f 1987-  |g Maxim Leonidovich  |2 stltpush  |3 (RuTPU)RU\TPU\pers\34861 
701 1 |a Turushev  |b N. V.  |c specialist in the field of instrumentation  |c Engineer of Tomsk Polytechnic University  |f 1990-  |g Nikita Vladimirovich  |2 stltpush  |3 (RuTPU)RU\TPU\pers\32603 
701 1 |a Maksimov  |b I. V. 
701 1 |a Mazikov  |b S. V. 
701 1 |a Kodermyatov  |b R. E. 
701 1 |a Wenjia  |b G. 
701 1 |a Zimin  |b I. A. 
712 0 2 |a Национальный исследовательский Томский политехнический университет  |b Инженерная школа неразрушающего контроля и безопасности  |b Научно-производственная лаборатория "Медицинская инженерия"  |h 7995  |2 stltpush  |3 (RuTPU)RU\TPU\col\25418 
801 1 |a RU  |b 63413507  |c 20150101  |g RCR 
801 2 |a RU  |b 63413507  |c 20190319  |g RCR 
856 4 |u http://dx.doi.org/10.1088/1757-899X/457/1/012013 
856 4 |u http://earchive.tpu.ru/handle/11683/53000 
942 |c CF